Szczegóły MARC21

Remythisierung und Entmythisierung : deutschsprachige Antikendramen der klassischen Moderne /

003 -Nazwa inst., której nr kontr. jest w polu 001 [,]
    • @
    • Nazwa instytucji, której n kontrolny jest w polu 001
    • NUKAT
005 -DATA I CZAS OSTATNIEJ MODYFIKACJI [,]
    • @
    • pole kontrolne
    • 20241231110641.0
020 -Międzynarod. znormalizowany nr książki - ISBN [ , ]
    • a
    • Numer ISBN
    • 9783866442375 Find
040 -Instytucja sporządzająca opis [ , ]
    • a
    • Instytucja, która sporządziła opis (NP)
    • SZCZ U/ML
    • b
    • Język katalogowania
    • pol
    • e
    • Zasady katalogowania
    • rda
    • c
    • Instytucja, która sporządziła rekord (NP)
    • SZCZ U/MLs
    • d
    • Instytucja, która zmodyfikowała rekord (P)
    • SZCZ U/KP
    • d
    • Instytucja, która zmodyfikowała rekord (P)
    • TOR U/WS
942 -Rodzaj dokumentu [ , ]
    • c
    • Rodzaj dokumentu
    • Książka
100 -Hasło główne - nazwa osobowa [1, ]
    • a
    • Nazwa osobowa (NP)
    • Horn, Christian
    • c
    • Dopowiedzenie inne niż daty biograficzne (P)
    • (literaturoznawstwo).
    • e
    • Rodzaj współpracy
    • Autor
    • 9
    • KHW
    • 461606
245 -Strefa tytułu i oznaczenia odpowiedzialności [1,0]
    • a
    • Tytuł
    • Remythisierung und Entmythisierung : Find
    • b
    • Ciąg dalszy tytułu (NP)
    • deutschsprachige Antikendramen der klassischen Moderne / Find
    • c
    • Pozostałe elementy strefy tytułu i oznaczenia odpowiedzialności (NP)
    • von Christian Horn.
260 -Strefa adresu wydawniczego [ , ]
    • a
    • Miejsce wydania (P)
    • Karlsruhe :
    • b
    • Nazwa wydawcy (P)
    • Universitätsverlag,
    • c
    • Data wydania (P)
    • 2008.
300 -Strefa opisu fizycznego [ , ]
    • a
    • Określenie formy książki i/lub objętość (NP)
    • [10], 397 stron ;
    • c
    • Format (NP)
    • 21 cm.
336 -Typ zawartości [ , ]
    • a
    • Termin opisujący typ zawartości
    • Tekst
    • b
    • Kod określający zawartość
    • txt
    • 2
    • Źródło (terminu i kodu)
    • rdacontent
337 -Typ mediów [ , ]
    • a
    • Tryb odtwarzania
    • Bez urządzenia pośredniczącego
    • b
    • Kod typu mediów
    • n
    • 2
    • Źródło (terminu i kodu)
    • rdamedia
338 -Typ/rodzaj nośnika [ , ]
    • a
    • Hasło opisujące typ nośnika
    • Wolumin
    • b
    • Kod typu nośnika
    • nc
    • 2
    • Źródło (terminu i kodu)
    • rdacarrier
502 -Uwaga dot. dysertacji [ , ]
    • a
    • Uwaga dot. dysertacji
    • Dissertation, Universität Karlsruhe, 2007.
504 -Uwaga dot. bibliogr. załącznikowej [ , ]
    • a
    • Uwaga dot. bibliografii załącznikowej
    • Bibliografia na stronach 355-395.
530 -Uwaga dot. innej postaci fizycznej dokumentu [ , ]
    • a
    • Uwaga dot. innej postaci fizycznej dokumentu
    • Dostępne również w postaci elektronicznej.
650 -Hasło przedmiotowe [ ,7]
    • a
    • Hasło przedmiotowe
    • Dramat niemiecki
    • y
    • Określnik chronologiczny
    • 20 w.
    • x
    • Określnik rzeczowy
    • historia i krytyka.
    • 2
    • Źródło terminu
    • kaba
    • 9
    • KHW
    • 450792
650 -Hasło przedmiotowe [ ,7]
    • a
    • Hasło przedmiotowe
    • Modernizm (literatura)
    • z
    • Określnik geograficzny
    • Kraje języka niemieckiego.
    • 2
    • Źródło terminu
    • kaba
    • 9
    • KHW
    • 461664
650 -Hasło przedmiotowe [ ,7]
    • a
    • Hasło przedmiotowe
    • Dramat klasyczny
    • x
    • Określnik rzeczowy
    • wpływ.
    • 2
    • Źródło terminu
    • kaba
    • 9
    • KHW
    • 461663
710 -Hasło dodatkowe - nazwa ciała zbiorowego [2, ]
    • a
    • Nazwa ciała zbiorowego lub nazwa geograficzna jako pierwszy element (NP)
    • Universitätsverlag Karlsruhe.
    • e
    • Rodzaj współpracy
    • Wydawca
    • 4
    • Kod relacji
    • pbl
    • 9
    • KHW
    • 461607
856 -Dostęp do wersji elektronicznej [4,1]
920 -ISBN [ , ]
    • a
    • ISBN
    • 978-3-86644-237-5 Find
Sygnatura Status udost. Numer inwentarzowy Lokalizacja Data inwentaryzacji
GERM. Dramat 221G.19356BM2018-05-21